[Event "Ploiesti Conpet op"]
[Site "Ploiesti"]
[Date "2007.09.29"]
[Round "9"]
[White "Pogorevici, Leonid"]
[Black "Vulcan, Gheorghe"]
[Result "0-1"]
[WhiteElo "2024"]
[BlackElo "1828"]
[PlyCount "102"]
[EventDate "2007.09.22"]
[EventType "swiss"]
[EventRounds "9"]
[EventCountry "ROU"]
[SourceTitle "EXT 2010"]
[Source "ChessBase"]
[SourceDate "2010.11.25"]
[SourceVersion "1"]
[SourceVersionDate "2010.11.25"]
[SourceQuality "1"]

1. c4 e6 2. Nf3 Nf6 3. Nc3 d5 4. d4 c6 5. cxd5 cxd5 6. e3 Be7 7. Bd3 0-0 8. 0-0 Nc6 9. a3 a6 10. b4 b5 11. Bb2 Bb7 12. Rc1 Rc8 13. Qe2 Ne8 14. Nd2 f5 15. f4 Nd6 16. Nb3 Ne4 17. Nb1 Rc7 18. Rc2 Qd7 19. Rfc1 Rfc8 20. N1d2 Nd8 21. Nf3 Nf7 22. Ne5 Rxc2 23. Rxc2 Qd8 24. Rxc8 Qxc8 25. Qc2 Nfd6 26. Qxc8+ Bxc8 27. Nc5 Nc4 28. Bxc4 bxc4 29. Nxe4 fxe4 30. Kf2 Kf8 31. Bc3 Ke8 32. a4 Bd7 33. Nxd7 Kxd7 34. Kg3 Kc6 35. Kh3 Kb6 36. g4 a5 37. bxa5+ Ka6 38. Kg3 Bd8 39. Kf2 Bxa5 40. Bb2 Bb4 41. Ke2 Ka5 42. Kd1 Kxa4 43. Kc2 Be1 44. Bc1 Kb4 45. f5 exf5 46. gxf5 h5 47. h3 c3 48. Kd1 Bh4 49. Kc2 Bg3 50. Kd1 h4 51. Kc2 Bd6 0-1

[Event "Ploiesti Conpet op"]
[Site "Ploiesti"]
[Date "2007.09.28"]
[Round "8"]
[White "Vezeteu, Daniel"]
[Black "Pogorevici, Leonid"]
[Result "1/2-1/2"]
[WhiteElo "1916"]
[BlackElo "2024"]
[PlyCount "34"]
[EventDate "2007.09.22"]
[EventType "swiss"]
[EventRounds "9"]
[EventCountry "ROU"]
[SourceTitle "EXT 2010"]
[Source "ChessBase"]
[SourceDate "2010.11.25"]
[SourceVersion "1"]
[SourceVersionDate "2010.11.25"]
[SourceQuality "1"]

1. d4 d5 2. c4 e6 3. Nc3 Nf6 4. cxd5 Nxd5 5. e4 Nxc3 6. bxc3 c5 7. Nf3 cxd4 8. cxd4 Bb4+ 9. Bd2 Qa5 10. Rb1 Bxd2+ 11. Qxd2 Nc6 12. Bb5 Bd7 13. d5 Qxd2+ 14. Kxd2 Na5 15. Rhc1 exd5 16. exd5 Bxb5 17. Rxb5 b6 1/2-1/2

[Event "Ploiesti Conpet op"]
[Site "Ploiesti"]
[Date "2007.09.27"]
[Round "7"]
[White "Pogorevici, Leonid"]
[Black "Telea, Stefan"]
[Result "1/2-1/2"]
[WhiteElo "2024"]
[BlackElo "2154"]
[PlyCount "99"]
[EventDate "2007.09.22"]
[EventType "swiss"]
[EventRounds "9"]
[EventCountry "ROU"]
[SourceTitle "EXT 2010"]
[Source "ChessBase"]
[SourceDate "2010.11.25"]
[SourceVersion "1"]
[SourceVersionDate "2010.11.25"]
[SourceQuality "1"]

1. c4 c5 2. Nc3 Nf6 3. g3 d5 4. cxd5 Nxd5 5. Bg2 Nc7 6. Qb3 Nc6 7. Bxc6+ bxc6 8. Nf3 f6 9. 0-0 e5 10. d3 Be6 11. Qa4 Qd7 12. Be3 Nd5 13. Ne4 Nxe3 14. fxe3 Rb8 15. b3 Rb4 16. Qa5 Rb5 17. Qd2 Be7 18. Rfc1 0-0 19. Nc3 Rb4 20. Na4 e4 21. dxe4 Rxe4 22. Qxd7 Bxd7 23. Kf2 Re8 24. Nd2 Re5 25. Nc4 Rh5 26. h4 g5 27. Rh1 Bf5 28. hxg5 Rxh1 29. Rxh1 Be4 30. Rh4 f5 31. Rh5 Bf8 32. Rh4 Be7 33. Rh5 Bd5 34. Nab2 Bf7 35. Rh6 Bg6 36. Rh1 Bxg5 37. Rd1 Bf7 38. Rd7 Bd5 39. Rxa7 Re6 40. Ra8+ Kg7 41. a4 Rh6 42. Ra7+ Kg6 43. Ke1 Rh3 44. a5 Rxg3 45. a6 Rg1+ 46. Kd2 Ra1 47. Ra8 Kh6 48. a7 Ra2 49. Kc2 Be4+ 50. Kd1 1/2-1/2

[Event "Ploiesti Conpet op"]
[Site "Ploiesti"]
[Date "2007.09.23"]
[Round "3"]
[White "Pogorevici, Leonid"]
[Black "Mosnegutu, Klaus"]
[Result "0-1"]
[WhiteElo "2024"]
[BlackElo "2198"]
[PlyCount "80"]
[EventDate "2007.09.22"]
[EventType "swiss"]
[EventRounds "9"]
[EventCountry "ROU"]
[SourceTitle "EXT 2010"]
[Source "ChessBase"]
[SourceDate "2010.11.25"]
[SourceVersion "1"]
[SourceVersionDate "2010.11.25"]
[SourceQuality "1"]

1. c4 e5 2. Nc3 d6 3. Nf3 Be6 4. d4 Nd7 5. e4 Bg4 6. Be2 Be7 7. Nd5 Ngf6 8. Nxe7 Qxe7 9. Bg5 exd4 10. Qxd4 Qxe4 11. Qxe4+ Nxe4 12. Be3 0-0-0 13. 0-0-0 Nef6 14. h3 Be6 15. Rd2 h6 16. Rhd1 a6 17. b4 Ne5 18. Nxe5 dxe5 19. Rxd8+ Rxd8 20. Rxd8+ Kxd8 21. Kb2 Nd7 22. Kc3 Ke7 23. a4 g5 24. a5 c6 25. g4 f5 26. f3 Nf6 27. Bf2 e4 28. gxf5 Bxf5 29. h4 exf3 30. Bxf3 g4 31. Bg2 Be4 32. Bf1 Bf3 33. Bd3 Ke6 34. Kd4 Nh5 35. Be3 g3 36. Bg6 Nf6 37. Bg1 Ng4 38. Be4 Bxe4 39. Kxe4 h5 40. Kf4 Ne5 0-1

[Event "Ploiesti Master op"]
[Site "Ploiesti"]
[Date "2003.06.07"]
[Round "9"]
[White "Dobre, Claudiu Cristian"]
[Black "Pogorevici, Leonid"]
[Result "1/2-1/2"]
[WhiteElo "2166"]
[BlackElo "2097"]
[PlyCount "27"]
[EventDate "2003.05.30"]
[EventType "swiss"]
[EventRounds "9"]
[EventCountry "ROU"]
[SourceTitle "EXT 2004"]
[Source "ChessBase"]
[SourceDate "2003.11.25"]
[SourceVersion "1"]
[SourceVersionDate "2003.11.25"]
[SourceQuality "1"]

1. d4 d5 2. e3 e6 3. Bd3 Nf6 4. Nd2 Be7 5. Ngf3 Nbd7 6. 0-0 0-0 7. Qe2 b6 8. e4 dxe4 9. Nxe4 Bb7 10. Neg5 c5 11. c3 g6 12. Bd2 Nh5 13. Rfe1 Ng7 14. Be4 1/2-1/2

[Event "Ploiesti Master op"]
[Site "Ploiesti"]
[Date "2003.06.05"]
[Round "7"]
[White "Pogorevici, Leonid"]
[Black "Scurhan, Gheorghe"]
[Result "1-0"]
[WhiteElo "2097"]
[BlackElo "2130"]
[PlyCount "67"]
[EventDate "2003.05.30"]
[EventType "swiss"]
[EventRounds "9"]
[EventCountry "ROU"]
[SourceTitle "EXT 2004"]
[Source "ChessBase"]
[SourceDate "2003.11.25"]
[SourceVersion "1"]
[SourceVersionDate "2003.11.25"]
[SourceQuality "1"]

1. Nf3 Nf6 2. g3 g6 3. c4 Bg7 4. Nc3 d6 5. Bg2 e5 6. 0-0 0-0 7. d4 Qe7 8. dxe5 dxe5 9. Bg5 c6 10. Qc1 Bg4 11. Bh6 Nbd7 12. Bxg7 Kxg7 13. b3 Bxf3 14. Bxf3 Rfe8 15. Qb2 a5 16. a3 Qe6 17. e3 h5 18. h4 Ng4 19. Ne4 Nh6 20. Rfd1 Nf5 21. Rd3 Qe7 22. Rad1 Nc5 23. Nxc5 Qxc5 24. Be4 Re6 25. Bxf5 gxf5 26. a4 Rae8 27. Rd7 R8e7 28. Qe2 Kh6 29. Rd8 Re8 30. R1d7 f4 31. Rxe8 Rxe8 32. exf4 Qa3 33. Qe3 Kg6 34. fxe5 1-0

[Event "Ploiesti Master op"]
[Site "Ploiesti"]
[Date "2003.06.04"]
[Round "6"]
[White "Miron, Lucian Costin"]
[Black "Pogorevici, Leonid"]
[Result "1-0"]
[WhiteElo "2167"]
[BlackElo "2097"]
[PlyCount "45"]
[EventDate "2003.05.30"]
[EventType "swiss"]
[EventRounds "9"]
[EventCountry "ROU"]
[SourceTitle "EXT 2004"]
[Source "ChessBase"]
[SourceDate "2003.11.25"]
[SourceVersion "1"]
[SourceVersionDate "2003.11.25"]
[SourceQuality "1"]

1. e4 d6 2. d4 g6 3. Nc3 Bg7 4. f4 e6 5. Nf3 Ne7 6. Bd3 b6 7. 0-0 Ba6 8. f5 Bxd3 9. Qxd3 gxf5 10. exf5 Nxf5 11. g4 Nh4 12. Ng5 Rf8 13. Nxh7 Ng6 14. Nxf8 Nxf8 15. Qf3 Bxd4+ 16. Kh1 Qf6 17. Qxf6 Bxf6 18. Rxf6 Nbd7 19. Rf1 Ke7 20. Ne4 e5 21. Bg5+ Ke8 22. Bh4 Ng6 23. Ng5 1-0

[Event "Ploiesti Master op"]
[Site "Ploiesti"]
[Date "2003.05.30"]
[Round "1"]
[White "Pogorevici, Leonid"]
[Black "Barbu, Nicolai"]
[Result "0-1"]
[WhiteElo "2097"]
[BlackElo "2230"]
[PlyCount "71"]
[EventDate "2003.05.30"]
[EventType "swiss"]
[EventRounds "9"]
[EventCountry "ROU"]
[SourceTitle "EXT 2004"]
[Source "ChessBase"]
[SourceDate "2003.11.25"]
[SourceVersion "1"]
[SourceVersionDate "2003.11.25"]
[SourceQuality "1"]

1. Nf3 c5 2. c4 Nf6 3. Nc3 Nc6 4. d4 cxd4 5. Nxd4 e5 6. Nxc6 bxc6 7. e3 Be7 8. Be2 0-0 9. 0-0 d5 10. Qc2 Be6 11. b3 Rc8 12. Bb2 Qd7 13. Rad1 Rfd8 14. Na4 Bd6 15. c5 Bc7 16. f3 Bf5 17. Qd2 Qe7 18. Qe1 Nd7 19. Rc1 Bg6 20. g3 Re8 21. Qd2 f5 22. Ba6 Rb8 23. Rfe1 Nf8 24. f4 Nd7 25. b4 Nf6 26. a3 Ne4 27. Qg2 Red8 28. Nc3 Kh8 29. Nxe4 fxe4 30. Rcd1 Bh5 31. g4 Bf7 32. fxe5 Bxe5 33. Bxe5 Qxe5 34. Rf1 Rf8 35. Rf5 Qe6 36. Qg3 0-1